Od účelových pojistných fondů k technickým rezervám
Nadobudnutie účinnosti zákona č.320/1993 Sb., ktorým sa dopĺňa zákon č.185/1991 Sb o poisťovníctve. Novela zákona, ktorá zavádza systém technických rezerv. Článok nadväzuje na príspevok Účetnictví pojišťoven 1.časť v časopise Účetnictví č.5/1993. Objasnenie vzťahov dosiaľ platných predpisov o poisťo...
Uložené v:
| Hlavný autor: | |
|---|---|
| Ďalší autori: | |
| Médium: | Kapitola |
| Jazyk: | Czech |
| Predmet: | |
| Tagy: |
Žiadne tagy, Buďte prvý, kto otaguje tento záznam!
|
MARC
| LEADER | 00000naa a2200000 4500 | ||
|---|---|---|---|
| 001 | r015113 | ||
| 005 | 20221213083351.0 | ||
| 041 | 0 | |a cze | |
| 044 | |a CZ | ||
| 245 | 1 | 0 | |a Od účelových pojistných fondů k technickým rezervám |c J. Huleš, M. Sýkora |
| 520 | |a Nadobudnutie účinnosti zákona č.320/1993 Sb., ktorým sa dopĺňa zákon č.185/1991 Sb o poisťovníctve. Novela zákona, ktorá zavádza systém technických rezerv. Článok nadväzuje na príspevok Účetnictví pojišťoven 1.časť v časopise Účetnictví č.5/1993. Objasnenie vzťahov dosiaľ platných predpisov o poisťovníctve a zákona o rezervách. Schéma účtovania v prechodnom období roku 1993. Postup účtovania o tvorbe a použití technických rezerv v roku 1994. | ||
| 610 | 2 | 0 | |a rezervy |
| 610 | 2 | 0 | |a zákony |
| 610 | 2 | 0 | |a Česko |
| 610 | 2 | 0 | |a 1993 |
| 610 | 2 | 0 | |a poisťovníctvo |
| 610 | 2 | 0 | |a fondy účelové |
| 610 | 2 | 0 | |a účtovanie |
| 610 | 2 | 0 | |a tvorba rezerv |
| 610 | 2 | 0 | |a poisťovne |
| 100 | 1 | |a Huleš, J. | |
| 700 | 1 | |a Sýkora, M. | |